A quiz for true Arizonans - Statistics

General Stats
  • This quiz has been taken 20 times
  • The average score is 7 of 16
Answer Stats
Hint Answer % Correct
The Hoover Dam is shared with what state? Nevada
89%
City mentioned in the song "route 66" Flagstaff
83%
What city is the State Farm Stadium in? Glendale
78%
Arizona has the 2nd highest recorded temperature after what state California
67%
What do Arizonans often call dust storms (strong ones)? Haboobs
67%
City mentioned in the song "take it easy" Winslow
61%
Largest ski resort in the state Snowbowl
56%
What grocery store chain is located almost entirely in Arizona? Fry's
50%
What river do you go tubing down? Salt River
39%
National landmark by the above Meteor Crater
33%
What critically endangered fish is only found in Arizona? Apache Trout
28%
Large mountain right by Tucson Mt. Lemmon
22%
Fairly large city which is actually just a census designated place San Tan Valley
17%
Small tourist town on the above Summerhaven
17%
Where is the Phoenix Suns Arena? Talking Stick Resort
17%
A town with a population of 6 by Canyon Lake Tortilla Flat
11%
No matching quizzes found
Score Distribution
Percent of People with Each Score
Percentile by Number Answered
Your Score History
You have not taken this quiz